Buteurs français en finale de tournoi majeur - Statistiques

Statistiques générales
  • Ce quiz a été pris 135 fois
  • Le résultat moyen est 17 sur 26
Statistiques - réponses
Année Compétition Equipe Adversaire Joueur % Correct
2022 Coupe du Monde France Argentine Kylian Mbappe
95%
2018 Coupe du Monde France Croatie Paul Pogba
95%
1998 Coupe du Monde France Brésil Zinedine Zidane
95%
2006 Coupe du Monde France Italie Zinedine Zidane
95%
2018 Coupe du Monde France Croatie Antoine Griezmann
94%
2018 C1 Real Madrid Liverpool Karim Benzema
94%
2018 Coupe du Monde France Croatie Kylian Mbappe
94%
2020 C1 Bayern Munich PSG Kingsley Coman
93%
2018 C3 Atletico Madrid OM Antoine Griezmann
92%
2002 C1 Real Madrid Bayer Leverkusen Zinedine Zidane
91%
1998 Coupe du Monde France Brésil Emmanuel Petit
87%
2000 Euro France Italie David Trezeguet
85%
1984 Euro France Espagne Michel Platini
85%
2019 C3 Chelsea Arsenal Olivier Giroud
81%
2017 C3 Manchester United Ajax Amsterdam Paul Pogba
80%
1993 C1 OM AC Milan Basile Boli
77%
2000 Euro France Italie Sylvain Wiltord
63%
1985 C1 Juventus Liverpool Michel Platini
60%
2016 C3 FC Séville Liverpool Kevin Gameiro
58%
1994 C1 AC Milan FC Barcelone Marcel Desailly
38%
1996 C2 PSG Rapid Vienne Bruno N'Gotty
23%
1984 Euro France Espagne Bruno Bellone
22%
1956 C1 Stade de Reims Real Madrid Michel Hidalgo
11%
1996 C3 Bordeaux Bayern Munich Daniel Dutuel
9%
1956 C1 Stade de Reims Real Madrid Michel Leblond
8%
1956 C1 Stade de Reims Real Madrid Jean Templin
7%
Aucun quiz correspondant
Distribution des résultats
% des personnes avec chaque résultat
Percentile par nombre de réponses
Votre historique - résultats
Vous n’avez pas pris ce quiz